000 00767cam a2200241 a 4500
001 4359986
005 20180215032126.0
008 900523s1991 nyua b 001 0 eng
010 _a 90006343
020 _a0070317127
020 _a0079097855 (set)
040 _aDLC
_cDLC
_dDLC
041 _aeng
080 _a006.33 IGN
082 0 0 _a006.33 IGN
_220
100 1 _a28
101 _aSHK
245 1 0 _aIntroduction to expert systems :
_cJames P. Ignizio.
504 _aIncludes bibliographical references (p. 387-391) and index.
906 _a7
_bcbc
_corignew
_d1
_eocip
_f19
_gy-gencatlg
942 _2ddc
_cBK
999 _c42555
_d42555